000
00295nam a22001217a 4500
020
_a
13-520205-1
082
_a
621.381 SHA'L
100
_a
SHAPIRA, R. L
_9
78158
245
_a
LABORATORY MANUAL FOR BASIC ELECTRONIC
260
_a
NEWJERSCY
_b
PRENTICE HALL
_c
1971
300
_a
168P
942
_c
BK
999
_c
583318
_d
583318